1934 1471 1115 1306 1684 1080 1034 1225 1380 1948 1802 1803 1258 1910 1296 1412 1751 1063 1542 1572 1346 1735 1080 1593 1362 1896 1966 1944 1503 1229 1509 1028 1524 1125 1460 1291 1350 1187 1988 1892 1320 1512 1485 1509 1309 1787 1379 1076 1907 1969 1900 1173 1286 1681 1140 1623 1360 1745 1591 1833 1993 1717 1436 1273 1997 1710 1501 1146 1243 1061 1401 1843 1819 1606 1842 1308 1058 1204 1820 1837 1719 1712 1429 1007 1686 1055 1752 1847 1486 1980 1891 1161 1313 1444 1844 1949 1827 1783 1518 BCNSPRNW ULIB Ver.6.0+V

เปลี่ยนเป็นภาษาไทย

Change to English
 แสดงรายละเอียดบรรณานุกรม
  กลับหน้าหลัก

Brief Record : Get Marc (ISO 2709) : E-mail record : QR code < ปิดหน้าต่าง
LEADER : 00000nam 2200000uu 4500
001    13399127838
003     ULIB
008    211011s||||||||th 000 0 tha d
020    ^a9786165729369
060    ^aWS130^bพ242ท
100 0  ^aพรเทพ ตั่นเผ่าพงษ์
245 0  ^aท้องร่วงเรื้อรังในเด็ก/^cพรเทพ ตั่นเผ่าพงษ์
246 0  ^aChronic diarrhea in children
260    ^aกรุงเทพฯ:^bโรงพยาบาลรามาธิบดี,^c2563
300    ^a296 หน้า:^bภาพประกอบ
650    ^aท้องร่วง^xเด็ก
650    ^aท้องร่วง^xในวัยทารกและวัยเด็ก
700 0  ^aพรเทพ ตั่นเผ่าพงษ์
945    ^p590^l0^i28964
945    ^p590^l0^i28965
999    ^aกัณชพร จุลอักษร
รายการนี้ยังไม่มีแท็ก
คุณยังไม่ได้ล็อกอิน คุณสามารถมีกิจกรรมร่วมกับเว็บไซต์ได้ แต่ต้องล็อกอินก่อน ::
  ล็อกอิน

รายการสื่อสารสนเทศ

ลำดับที่ ประเภท เลขเรียก/บาร์โค้ด สถานที่ สถานะ
1. หนังสือสำรอง
หนังสือสำรอง
WS130 พ242ท ฉ.1 
  Barcode: 28964
ห้องสมุดวิทยาเขตนครสวรรค์
►หนังสือทั่วไป:l:General Books
บนชั้น
2. วิทยาศาสตร์การแพทย์ และสุขภาพ
วิทยาศาสตร์การแพทย์ และสุขภาพ
WS130 พ242ท ฉ.2 
  Barcode: 28965
ห้องสมุดวิทยาเขตนครสวรรค์
►หนังสือทั่วไป:l:General Books
บนชั้น

รายการใกล้เคียง
    ผู้แต่ง [พรเทพ ตั่นเผ่าพงษ์]

BibComment


ยังไม่เคยถูกคอมเมนท์

คอมเมนท์ทรัพยากรรายการนี้
  คอมเมนท์: ท้องร่วงเรื้อรัง..


 Copyright 2026. Bcnsprnw @Library